[Event "Serpukhov-B"]
[Site "Serpukhov"]
[Date "2002.??.??"]
[Round "2"]
[White "Kulish, Oksana"]
[Black "Glotov, Mikhail"]
[Result "1/2-1/2"]
[WhiteElo "2132"]
[BlackElo "2105"]
[PlyCount "52"]
[EventDate "2002.??.??"]
[EventType "tourn"]
[EventRounds "13"]
[EventCountry "RUS"]
[SourceTitle "EXT 2003"]
[Source "ChessBase"]
[SourceDate "2002.11.25"]
[SourceVersion "1"]
[SourceVersionDate "2002.11.25"]
[SourceQuality "1"]

1. e4 c5 2. Nf3 d6 3. c3 Nf6 4. h3 Nc6 5. Bd3 e6 6. Bc2 Be7 7. 0-0 0-0 8. d4 cxd4 9. cxd4 e5 10. Nc3 h6 11. Be3 b6 12. Qd2 Kh7 13. Rfd1 Bb7 14. Rac1 Rc8 15. dxe5 dxe5 16. Qxd8 Rfxd8 17. a3 Ne8 18. Bb3 Nd6 19. Bd5 Na5 20. Bxb7 Naxb7 21. Nd2 Nc5 22. Bxc5 Rxc5 23. f3 Rdc8 24. Ne2 Rxc1 25. Rxc1 Rxc1+ 26. Nxc1 h5 1/2-1/2

[Event "RUS-chT1 (Women)"]
[Site "Serpukhov"]
[Date "2002.??.??"]
[Round "5"]
[White "Kulish, Oksana"]
[Black "Ubiennykh, Ekaterina"]
[Result "1/2-1/2"]
[WhiteElo "2152"]
[BlackElo "2225"]
[PlyCount "142"]
[EventDate "2002.??.??"]
[EventType "team"]
[EventRounds "9"]
[EventCountry "RUS"]
[SourceTitle "EXT 2003"]
[Source "ChessBase"]
[SourceDate "2002.11.25"]
[SourceVersion "1"]
[SourceVersionDate "2002.11.25"]
[SourceQuality "1"]

1. e4 c5 2. Nf3 d6 3. c3 Nf6 4. h3 Nc6 5. Bd3 e5 6. 0-0 Be7 7. Bc2 0-0 8. Re1 Qc7 9. d3 h6 10. Nbd2 Be6 11. Nf1 Rfd8 12. Qe2 Bf8 13. Ng3 b5 14. d4 cxd4 15. cxd4 Nxd4 16. Nxd4 exd4 17. Bd3 b4 18. Bd2 Qb6 19. f4 Rac8 20. Kh1 Rc5 21. Qf2 Rc7 22. b3 Bc8 23. Rad1 Re8 24. Bc4 Rce7 25. Bd3 Kh8 26. Bc1 Bb7 27. Bb2 Nxe4 28. Bxe4 Bxe4 29. Bxd4 Qb7 30. Nxe4 Rxe4 31. Rxe4 Rxe4 32. Bxa7 Qe7 33. Rd2 Qf6 34. g3 Qe7 35. Bd4 Kg8 36. Kh2 h5 37. h4 g6 38. Kg2 Bg7 39. Bxg7 Kxg7 40. Kf1 Re3 41. Re2 Rxe2 42. Qxe2 Qf6 43. Qd2 Qf5 44. Qxb4 Qb1+ 45. Kf2 Qxa2+ 46. Kf3 Qa8+ 47. Kf2 Qa7+ 48. Kf3 Qa6 49. Qd4+ Kf8 50. b4 Qf1+ 51. Qf2 Qh1+ 52. Ke3 d5 53. Kd2 Qe4 54. Qc5+ Kg8 55. Qc8+ Kg7 56. Qc3+ d4 57. Qd3 Qd5 58. b5 Kf6 59. Qe2 Kf5 60. Qe5+ Qxe5 61. fxe5 Kxe5 62. b6 Kd6 63. Kd3 Kc6 64. Kxd4 f6 65. b7 Kxb7 66. Kd5 g5 67. Ke6 gxh4 68. gxh4 Kc7 69. Kxf6 Kd7 70. Kg6 Ke7 71. Kxh5 Kf8 1/2-1/2

[Event "Serpukhov-B"]
[Site "Serpukhov"]
[Date "2002.??.??"]
[Round "4"]
[White "Kulish, Oksana"]
[Black "Zhidkov, Valery S"]
[Result "0-1"]
[WhiteElo "2132"]
[BlackElo "2406"]
[PlyCount "122"]
[EventDate "2002.??.??"]
[EventType "tourn"]
[EventRounds "13"]
[EventCountry "RUS"]
[SourceTitle "EXT 2003"]
[Source "ChessBase"]
[SourceDate "2002.11.25"]
[SourceVersion "1"]
[SourceVersionDate "2002.11.25"]
[SourceQuality "1"]

1. e4 e5 2. Nf3 Nc6 3. Bb5 a6 4. Ba4 Nf6 5. d4 Nxd4 6. Nxe5 Ne6 7. Nd2 Nc5 8. Bb3 Nxb3 9. axb3 d6 10. Nd3 g6 11. 0-0 Bg7 12. Re1 0-0 13. Nf1 Re8 14. Ng3 b5 15. c3 Bb7 16. f3 Nd7 17. Be3 d5 18. exd5 Bxd5 19. Nf4 Bb7 20. Qd2 Nf8 21. Qf2 Qh4 22. Rad1 Rad8 23. Rxd8 Rxd8 24. Ne4 Qxf2+ 25. Nxf2 Re8 26. N2d3 Nd7 27. Kf2 a5 28. Rd1 Bf8 29. b4 axb4 30. cxb4 Bg7 31. Rc1 Rc8 32. Ne2 Bd5 33. Bd4 Bh6 34. f4 Bc4 35. Rc3 Bf8 36. Nec1 Be7 37. b3 Bd5 38. Nc5 Nf6 39. N1d3 Ra8 40. Rc2 Ng4+ 41. Kg3 h5 42. Re2 Nh6 43. Kf2 Nf5 44. Bb2 Rd8 45. Be5 c6 46. Rb2 f6 47. Bc3 Kf7 48. g3 Ra8 49. Re2 Bd8 50. Rd2 Bb6 51. Kf1 h4 52. gxh4 Nxh4 53. Bxf6 Nf3 54. Ne5+ Kxf6 55. Ned7+ Kf5 56. Rxd5+ cxd5 57. Nxb6 Ra2 58. Nxd5 Rd2 59. Ne7+ Kxf4 60. Nxg6+ Ke3 61. Ne7 Rf2# 0-1

[Event "Serpukhov-B"]
[Site "Serpukhov"]
[Date "2002.??.??"]
[Round "9"]
[White "Samarin, Igor Valerievich"]
[Black "Kulish, Oksana"]
[Result "1-0"]
[WhiteElo "2408"]
[BlackElo "2132"]
[PlyCount "47"]
[EventDate "2002.??.??"]
[EventType "tourn"]
[EventRounds "13"]
[EventCountry "RUS"]
[SourceTitle "EXT 2003"]
[Source "ChessBase"]
[SourceDate "2002.11.25"]
[SourceVersion "1"]
[SourceVersionDate "2002.11.25"]
[SourceQuality "1"]

1. Nf3 Nf6 2. c4 e6 3. g3 b6 4. Bg2 Bb7 5. d4 Bb4+ 6. Bd2 Be7 7. Nc3 d5 8. Ne5 0-0 9. 0-0 c5 10. dxc5 bxc5 11. cxd5 exd5 12. Qb3 Qb6 13. Nxd5 Nxd5 14. Bxd5 Qxb3 15. Bxb3 Nc6 16. Nxc6 Bxc6 17. Rac1 Bb5 18. Bc4 Bxc4 19. Rxc4 Rfd8 20. Be3 Bf6 21. b3 Bd4 22. Bxd4 Rxd4 23. Rxd4 cxd4 24. Rd1 1-0

[Event "Serpukhov-B"]
[Site "Serpukhov"]
[Date "2002.??.??"]
[Round "1"]
[White "Skalozubov, Alexander"]
[Black "Kulish, Oksana"]
[Result "1/2-1/2"]
[WhiteElo "2264"]
[BlackElo "2132"]
[PlyCount "51"]
[EventDate "2002.??.??"]
[EventType "tourn"]
[EventRounds "13"]
[EventCountry "RUS"]
[SourceTitle "EXT 2003"]
[Source "ChessBase"]
[SourceDate "2002.11.25"]
[SourceVersion "1"]
[SourceVersionDate "2002.11.25"]
[SourceQuality "1"]

1. b4 Nf6 2. Bb2 e6 3. a3 b6 4. e3 Bb7 5. Nf3 Be7 6. d4 0-0 7. Bd3 c5 8. bxc5 bxc5 9. Nbd2 d5 10. c4 Nbd7 11. 0-0 Ne4 12. Qc2 Ndf6 13. Rab1 Nxd2 14. Nxd2 dxc4 15. Nxc4 cxd4 16. Bxd4 Qd5 17. f3 Ba6 18. Rfd1 Bxc4 19. Bxf6 Bxd3 20. Rxd3 Rac8 21. Qd1 Qc5 22. Bd4 Qa5 23. Rdb3 Rfd8 24. Qe2 h6 25. f4 Qf5 26. Qd3 1/2-1/2

[Event "Moscow Region-ch"]
[Site "Dubna"]
[Date "2001.??.??"]
[Round "6"]
[White "Kulish, Oksana"]
[Black "Karklin, Viacheslav"]
[Result "0-1"]
[WhiteElo "2140"]
[BlackElo "2204"]
[PlyCount "70"]
[EventDate "2001.??.??"]
[EventType "swiss"]
[EventRounds "9"]
[EventCountry "RUS"]
[SourceTitle "EXT 2006"]
[Source "ChessBase"]
[SourceDate "2005.11.24"]
[SourceVersion "1"]
[SourceVersionDate "2005.11.24"]
[SourceQuality "1"]

1. e4 c5 2. Nf3 Nc6 3. Bb5 d6 4. 0-0 Bd7 5. d4 cxd4 6. Nxd4 Nf6 7. Nc3 e6 8. Re1 Be7 9. Be3 0-0 10. f3 Qc7 11. Bf1 a6 12. Nxc6 Bxc6 13. Qd2 b5 14. a4 b4 15. Na2 a5 16. c3 b3 17. Nc1 d5 18. e5 Nd7 19. Nxb3 Nxe5 20. Bc5 Nc4 21. Qf2 Rfb8 22. Bxe7 Rxb3 23. Bxc4 dxc4 24. Qc5 Rxb2 25. Red1 Rc8 26. Bd6 Qb7 27. Qg5 f6 28. Qg4 Bd5 29. Qf4 Re8 30. Qe3 Kf7 31. Bg3 Qb3 32. Qa7+ Re7 33. Qd4 Qc2 34. Bf2 Qg6 35. h4 Bxf3 0-1

[Event "RUS Cup (Women)"]
[Site "Serpukhov"]
[Date "2001.??.??"]
[Round "6"]
[White "Kulish, Oksana"]
[Black "Karnaukhova, Elmira"]
[Result "1/2-1/2"]
[WhiteElo "2140"]
[BlackElo "2252"]
[PlyCount "56"]
[EventDate "2001.??.??"]
[EventType "swiss"]
[EventRounds "9"]
[EventCountry "RUS"]
[SourceTitle "EXT 2005"]
[Source "ChessBase"]
[SourceDate "2004.11.15"]
[SourceVersion "1"]
[SourceVersionDate "2004.11.15"]
[SourceQuality "1"]

1. e4 c5 2. Nf3 d6 3. c3 Nf6 4. h3 Nc6 5. Bd3 d5 6. exd5 Nxd5 7. 0-0 g6 8. Bb5 Bg7 9. d4 cxd4 10. Nxd4 Bd7 11. Bxc6 bxc6 12. Nd2 0-0 13. Ne4 Qb6 14. Nb3 Rfd8 15. Qe2 Bf5 16. Rd1 Qc7 17. Nd4 Bc8 18. Qf3 Ba6 19. Nc5 Bc8 20. Bg5 Qb6 21. Ndb3 Ba6 22. Nxa6 Qxa6 23. Rd2 h6 24. Be3 Rab8 25. Nc5 Qc4 26. Nb3 Qa4 27. Nc5 Qc4 28. Nb3 Qa4 1/2-1/2